Statistics for Dinosaur Names & Meanings: M

Click here to take the quiz!

General Stats

  • This quiz has been taken 40 times
  • The average score is 7 of 10

Answer Stats

MeaningName% Correct
Mamenxi lizardMamenchisaurus
97%
Muttaburra lizardMuttaburrasaurus
97%
Small thiefMicroraptor
93%
Good mother lizardMaiasaura
90%
Monkon lizardMonkonosaurus
86%
Great lizardMegalosaurus
83%
Mercury horned faceMercuriceratops
72%
Mouse lizardMussaurus
62%
Moderately spined lizardMetriacanthosaurus
34%
Martha’s hunterMartharaptor
24%

Score Distribution

Percentile by Number Answered

Percent of People with Each Score

Your Score History

You have not taken this quiz